Liczba medali Letnich Igrzysk Olimpijskich 1924 - Statystyki

Ogólne statystyki
  • Ten quiz został rozwiązany 18 razy
  • Średni wynik to 8 z 10
Statystyki odpowiedzi
Medali Złoto Srebro Brąz Reprezentacja % Poprawnych
38 13 15 10 Francja
100%
99 45 27 27 Stany Zjednoczone
100%
16 8 3 5 Włochy
94%
29 4 13 12 Szwecja
89%
13 3 7 3 Belgia
83%
37 14 13 10 Finlandia
83%
10 4 1 5 Holandia
78%
10 5 2 3 Norwegia
78%
34 9 13 12 Wielka Brytania
72%
25 7 8 10 Szwajcaria
67%
Nie znaleziono quizów pasujących do podanych kryteriów
Rozkład punktacji
Procent ludzi z każdym wynikiem
Percentyl według liczby udzielonych odpowiedzi
Twoja historia wyników
Nie rozwiązałeś tego quizu